| 000 | 01283cam a2200325 a 4500 | ||
|---|---|---|---|
| 999 |
_c532772 _d532772 |
||
| 001 | 12452638 | ||
| 003 | NUST | ||
| 005 | 20191202174816.0 | ||
| 008 | 010626s2002 nyuc b 001 0 eng | ||
| 010 | _a 2001045248 | ||
| 020 | _a0393974960 | ||
| 038 | _aMSOHAIL | ||
| 040 |
_aDLC _cDLC _dDLC |
||
| 050 | 0 | 0 |
_aPS3204 _b2002 |
| 082 | 0 | 0 |
_a811.3 _221 |
| 100 | 1 |
_aWhitman, Walt, _d1819-1892. _926355 |
|
| 240 | 1 | 0 |
_aWorks. _kSelections. _f2002 |
| 245 | 1 | 0 |
_aLeaves of grass and other writings : _bauthoritative texts, other poetry and prose, criticism / _cWalt Whitman ; edited by Michael Moon. |
| 250 | _aExpanded and rev. ed. based on the Norton critical edition of Leaves of grass edited by Sculley Bradley and Harold W. Blodgett. | ||
| 260 |
_aNew York : _bNorton, _cc2002. |
||
| 300 |
_alii, 919 p. : _bports. ; _c24 cm. |
||
| 440 | 2 |
_aA Norton critical edition _926356 |
|
| 504 | _aIncludes bibliographical references (905-906) and index. | ||
| 700 | 1 |
_aMoon, Michael. _926357 |
|
| 700 | 1 |
_aBradley, Sculley, _d1897-1987. _926358 |
|
| 700 | 1 |
_aBlodgett, Harold William, _d1900- _926359 |
|
| 906 |
_a7 _bcbc _corignew _d1 _eocip _f20 _gy-gencatlg |
||
| 942 |
_2ddc _cBK |
||